Las claves de la Bauhaus

Sábháilte in:
Sonraí bibleagrafaíochta
Príomhchruthaitheoir: Perelló, Antonia María (Údar)
Formáid: LEABHAR
Teanga:Spáinnis
Foilsithe / Cruthaithe: Barcelona Planeta 1990
Sraith:Las Claves del Arte. Serie Estilos, 23
Ábhair:
Clibeanna: Cuir clib leis
Níl clibeanna ann, Bí ar an gcéad duine le clib a chur leis an taifead seo!

MARC

LEADER 00000nam a2200000 a 4500
001 UCX6310
003 CL-VaPUC
008 930513e19900000SP |||||||||||||||||spa|d
082 0 4 |a 709.04  |b PER  |2 21 
100 0 |a Perelló, Antonia María  |e author  |9 322739 
245 1 4 |a Las claves de la Bauhaus 
300 |a 78 p 
942 |c BK 
945 |d 19930513 00:00:00 
260 |a Barcelona  |b Planeta  |c 1990 
650 7 |a BAUHAUS  |2 CL-VaPUC  |9 268228 
583 |a last modification  |c 19930513 00:00:00  |k Rodrigo Vera 
490 0 |a Las Claves del Arte. Serie Estilos, 23 
999 |c 226344  |d 226342 
952 |0 0  |1 0  |4 0  |6 709_040000000000000_PER_1990  |7 0  |8 A  |9 224625  |a BIBHIS  |b BIBHIS  |d 2019-11-15  |i 2934027  |o 709.04 PER 1990  |p 2934027  |r 2019-11-15  |w 2019-11-15  |y BK  |k HIS